Genshin: Namensquiz (extrem schwer) - Statistiken

Allgemein
  • Dieses Quiz wurde 5 mal gespielt
  • Das Durchschnittsergebnis liegt bei 4 aus 24
Antwortstatistiken
Bildquiz Hint Antwort % Korrekt
Welt-Quest NPC Babel
50%
Welt-Quest NPC Caterpillar (wahre Form)
50%
Restaurant Koch Mao
50%
Souvenir Shop Marjorie
50%
Welt-Quest NPC Ann
25%
Story NPC Atea
25%
Story NPC Caribert
25%
Abenteurerin Dandy
25%
Welt-Quest NPC Enjou
25%
Ansehen Euphrasie
25%
Ansehen Hertha
25%
Welt-Quest NPC Seymour
25%
Story NPC Xbalanque
25%
Schmied Ahangar
0%
Aranara Dorfvorsteher Araja
0%
Welt-Quest NPC Bona
0%
Story NPC Direidyth
0%
Story NPC Halfdan
0%
Story NPC Haypasia
0%
Spielgefährte Kleiner Kujirai
0%
Restaurant Lambad
0%
Welt-Quest NPC Lingyuan
0%
Angel Shop Nantuck
0%
Welt-Quest NPC Narzissenkreuz
0%
Keine übereinstimmenden Quizze gefunden
Verteilung der Resultate
Anzahl Personen mit jedem Resultat
Perzentil nach korrekt beantworteten Fragen
Ihre Resultats-Entwicklung
Sie haben dieses Quiz noch nicht gespielt